00411nam a2200121Ia 4500008004100000082002000041100002200061245002700083260004400110300000900154630001800163650010800181211109s9999||||xx |||||||||||||| ||und|| a894.8124bJAY-N aJayachandran, T N 0aNovalistinte Silpasala bSahithya Pravarthaka...aKottayamc1970 a261p xGENERAL STACK aLiterature & rhetoricvLiteratures of other languagesxAltaic, Uralic, Hyperborean & DravidianMalayalam